Communication in business : Strategies and skills (Record no. 2735)

000 -LEADER
fixed length control field 00801cam a2200277 i 4500
001 - CONTROL NUMBER
control field 2743575
003 - CONTROL NUMBER IDENTIFIER
control field OSt
005 - DATE AND TIME OF LATEST TRANSACTION
control field 20160812101209.0
008 - FIXED-LENGTH DATA ELEMENTS--GENERAL INFORMATION
fixed length control field 781215s1977 enkab 000 0 eng
010 ## - LIBRARY OF CONGRESS CONTROL NUMBER
LC control number 78320217
015 ## - NATIONAL BIBLIOGRAPHY NUMBER
National bibliography number GB78-08414
020 ## - INTERNATIONAL STANDARD BOOK NUMBER
International Standard Book Number 0582422299 :
Terms of availability £3.95.
International Standard Book Number 0582422302
040 ## - CATALOGING SOURCE
Original cataloging agency DLC
Transcribing agency DLC
Modifying agency DLC
050 00 - LIBRARY OF CONGRESS CALL NUMBER
Classification number HF5718.L57 2002
082 00 - DEWEY DECIMAL CLASSIFICATION NUMBER
Classification number 658.4/5
100 1# - MAIN ENTRY--PERSONAL NAME
Personal name Dwyer, Judith
245 10 - TITLE STATEMENT
Title Communication in business : Strategies and skills
Statement of responsibility, etc Judith Dwyer
250 ## - EDITION STATEMENT
Edition statement 2nd ed.
260 ## - PUBLICATION, DISTRIBUTION, ETC. (IMPRINT)
Place of publication, distribution, etc Australia:
Name of publisher, distributor, etc Pearson Educators,
Date of publication, distribution, etc 2002.
300 ## - PHYSICAL DESCRIPTION
Extent xviii, 622 p. :
Other physical details ill., maps ;
Dimensions 21 cm.
504 ## - BIBLIOGRAPHY, ETC. NOTE
Bibliography, etc include indexes
650 #0 - SUBJECT ADDED ENTRY--TOPICAL TERM
Topical term or geographic name as entry element Business communication.
650 #0 - SUBJECT ADDED ENTRY--TOPICAL TERM
Topical term or geographic name as entry element Commercial correspondence.
906 ## - LOCAL DATA ELEMENT F, LDF (RLIN)
a 7
b cbc
c orignew
d 4
e ncip
f 19
g y-gencatlg
942 ## - ADDED ENTRY ELEMENTS (KOHA)
Source of classification or shelving scheme
Koha item type Book
Holdings
Withdrawn status Lost status Source of classification or shelving scheme Damaged status Not for loan Home library Current library Shelving location Date acquired Total Checkouts Total Renewals Full call number Barcode Date last seen Date checked out Copy number Price effective from Koha item type
          Riara University Library Riara University Library General stack 12/08/2016 3 1 HF5718.L57 2002 7706/16 17/10/2017 16/10/2017 C.1 12/08/2016 Book

Riara University Library,
P.O. Box 49940-00100,
Nairobi, Kenya.